| 000 | 02173 a2200265 4500 | ||
|---|---|---|---|
| 999 |
_c11060 _d11060 |
||
| 020 | _a9780323087049 | ||
| 050 | 0 | 0 |
_aQP187 _bEND 2019 |
| 100 | 1 |
_aWhite, Bruce Alan, _eauthor. |
|
| 245 | 1 | 0 |
_aEndocrine and reproductive physiology / _cedited by Bruce A. White |
| 250 | _a4th edition. | ||
| 264 | 1 |
_aSt. Louis, MI : _bElsevier, _c[2019] |
|
| 300 |
_aix, 297 pages : _billustrations ( some colour); |
||
| 336 |
_atext _btxt _2rdacontent |
||
| 337 |
_aunmediated _bn _2rdamedia |
||
| 338 |
_avolume _bnc _2rdacarrier |
||
| 500 | _aRev. ed. of: Endocrine physiology / Susan P. Porterfield, Bruce A. White. 3rd. ed. c2007 Authors' names reversed on previous edition | ||
| 504 | _aIncludes bibliographical references and index | ||
| 505 | _aIntroduction to the endocrine system -- Endocrine function of the gastrointestinal tract -- Energy metabolism -- Calcium and phosphate homeostasis -- Hypothalamus-pituitary complex -- The thyroid gland -- The adrenal gland -- Life cycle of the male and female reproductive system -- The male reproductive system -- The female reproductive system -- Fertilization, pregnancy, and lactation | ||
| 520 | _aThis volume in the Mosby Physiology Monograph Series, "Endocrine and Reproductive Physiology," explains the fundamentals of endocrine and reproductive physiology in a clear and concise manner. This medical textbook gives students a basic understanding of how endocrine and metabolic physiology affects other body systems in health and disease, including the clinical dimensions of reproductive endocrinology. It bridges the gap between normal function and disease with pathophysiology content throughout the book. Assists students in mastering the material in systems-based curriculum with learning objectives, Clinical Concept boxes, chapter summaries, 200 clear, 2-color diagrams, and self-study questions | ||
| 650 | 0 |
_aEndocrine glands _xPhysiology. |
|
| 650 | 0 | _aReproductive Physiological Phenomena | |
| 700 | 1 |
_aSusasa P. Portefield _eeditor |
|
| 942 |
_2lcc _cBK _e4th ed. _h187 _iEND _kQP |
||